[Event "URS-ch sf"]
[Site "Kostroma"]
[Date "1985.??.??"]
[Round "3"]
[White "Ivanov, Alexander"]
[Black "Malevinsky, Alexander A"]
[Result "1-0"]
[WhiteElo "2400"]
[BlackElo "2395"]

1.e4 e5 2.Nf3 Nc6 3.Bb5 a6 4.Ba4 Nf6 5.O-O Be7 6.Re1 b5 7.Bb3 O-O 8.c3 d6
9.h3 Re8 10.d4 Qd7 11.Bg5 h6 12.Bh4 Nh7 13.Qd3 Bxh4 14.Nxh4 Na5 15.Bc2 Qe7
16.Nf3 c5 17.Nbd2 cxd4 18.cxd4 Nc6 19.a3 Qf6 20.Bb3 Ne7 21.Rac1 Ng6 22.Rc7 Nf4
23.Rxf7 Nxd3 24.Rxf6+ Kh8 25.Rxd6 Nxe1 26.Nxe5 Ng5 27.f4 Ne6 28.g3 Nf8 29.Kf2 Bxh3
30.Kxe1 Be6 31.d5 Bg8 32.Nc6 Nh7 33.Kf2 Nf6 34.Kf3 Rec8 35.Ne7 Rc1 36.e5 Ne8
37.Rb6 a5 38.Nxg8 a4 39.Ba2 Rc2 40.Rxb5 Rxd2 41.Ne7 Nc7 42.Rb7 Na6 43.d6 h5
44.Bd5 Rd8 45.Ke3 Rd1 46.Bf3 Re1+ 47.Kd2 Rg1 48.Nc6 Ra8 49.d7 Nc5 50.Ra7 Rf8
51.d8=Q Rxd8+ 52.Nxd8 Rxg3 53.Nf7+ Kh7 54.Ke3 h4 55.f5 Kg8 56.e6 g5 57.Nh6+ Kf8
58.f6  1-0

[Event "URS-ch sf"]
[Site "Kostroma"]
[Date "1985.??.??"]
[Round "7"]
[White "Ivanov, Alexander"]
[Black "Klovans, Janis"]
[Result "1/2-1/2"]
[WhiteElo "2400"]
[BlackElo "2435"]

1.e4 e5 2.Nf3 Nc6 3.Bb5 a6 4.Ba4 Nf6 5.O-O Be7 6.Re1 b5 7.Bb3 O-O 8.c3 d6
9.a4 b4 10.a5 Rb8 11.Bc4 d5 12.exd5 Nxd5 13.Nxe5 Nxe5 14.Rxe5 Bb7 15.d4 Bf6
16.Re1 c5 17.dxc5 bxc3 18.bxc3 Nxc3 19.Qxd8 Rfxd8 20.Bb2 Ne2+ 21.Bxe2 Bxb2
22.Ra4 Bc6 23.Rc4 Bb5 24.Re4 Bc6 25.Rc4 Bb5  1/2-1/2

[Event "URS-ch sf"]
[Site "Kostroma"]
[Date "1985.??.??"]
[Round "15"]
[White "Khasin, Alexander"]
[Black "Ivanov, Alexander"]
[Result "1/2-1/2"]
[WhiteElo "2420"]
[BlackElo "2400"]

1.d4 Nf6 2.c4 e6 3.Nf3 b6 4.g3 Ba6 5.Qa4 c5 6.Bg2 Bb7 7.O-O cxd4 8.Nxd4 Bxg2
9.Kxg2 Be7 10.Rd1 O-O 11.f3 Qc8 12.Nc3 Nc6 13.Nxc6 Qxc6 14.Qxc6 dxc6 15.Bf4 Rfd8
16.Rxd8+ Rxd8 17.Rd1 Rxd1 18.Nxd1 Kf8 19.e4 Nd7 20.Kf2 Bc5+ 21.Be3 Bxe3+
22.Kxe3 e5 23.b3 Ke7 24.Nb2  1/2-1/2

[Event "URS-chI"]
[Site "Minsk"]
[Date "1985.??.??"]
[Round "7"]
[White "Ivanov, Alexander"]
[Black "Gulko, Boris F"]
[Result "1/2-1/2"]
[WhiteElo "2400"]
[BlackElo "2475"]

1.e4 Nc6 2.Nf3 d6 3.d4 Nf6 4.Nc3 Bg4 5.d5 Nb8 6.h3 Bxf3 7.Qxf3 g6 8.g4 Bg7
9.Be2 c6 10.g5 Nfd7 11.h4 Qb6 12.Bd2 h5 13.gxh6 Bxh6 14.Bxh6 Rxh6 15.O-O-O Nf6
16.dxc6 Nxc6 17.Qf4 Rh8 18.Nd5 Nxd5 19.exd5 Ne5 20.Rh3 Rc8 21.Qa4+ Kf8 22.f4 Qf2
23.fxe5 Qxe2 24.exd6 exd6 25.c3 Rc4 26.Qxa7 Rhxh4 27.Re3 Qg2 28.Red3  1/2-1/2

[Event "URS-chI"]
[Site "Minsk"]
[Date "1985.??.??"]
[Round "11"]
[White "Ivanov, Alexander"]
[Black "Gorelov, Sergey G"]
[Result "0-1"]
[WhiteElo "2400"]
[BlackElo "2425"]

1.e4 c5 2.Nf3 e6 3.d4 cxd4 4.Nxd4 Nf6 5.Nc3 Nc6 6.Nxc6 bxc6 7.e5 Nd5 8.Ne4 Qc7
9.f4 Qb6 10.c4 Bb4+ 11.Ke2 f5 12.Nf2 Bc5 13.Nd3 Ne3 14.Qb3 Nxf1 15.Qxb6 Bxb6
16.Rxf1 Ba6 17.b3 Rc8 18.a4 Bd4 19.Be3 Bxe3 20.Kxe3 c5 21.Rg1 g6 22.a5 Ke7
23.g4 Bb7 24.Rg3 Be4 25.Nf2 Bc6 26.Rd1 Rb8 27.Rd3 Kf7 28.gxf5 gxf5 29.Kd2 Rhg8
30.Kc3 Rxg3 31.Rxg3 Rc8 32.h4 Bb7 33.Nh3 h6 34.Nf2 Bc6 35.Rg1 Bf3 36.Rg3 Bc6
37.Nd1 Be4 38.Nb2 Bc6 39.Rg1 Bf3 40.Na4 Bg4 41.Kd2 Kg6 42.Ke3 Kh5 43.Rh1 Rc7
44.Kf2 Rc8 45.a6 Rc6 46.Ke3 Rc8 47.Nc3 Rb8 48.Nb5 Rb6 49.Ra1 Kxh4 50.Ra3 Kg3
51.Nxa7 Bf3 52.Nb5 Rb8 53.a7 Rc8 54.Ra1 h5 55.Rg1+ Bg2 56.Rd1 Bc6 57.Rg1+ Bg2
58.Nc3 h4 59.Ne2+ Kh2 60.Kf2 Bc6 61.Rd1 Kh3 62.Rg1 Ra8 63.Ra1 Kg4 64.Rg1+ Kh5
65.Ra1 Rg8 66.Rg1 Rxg1 67.Kxg1 Kg4 68.Kh2 Kf3 69.Nc3 Kxf4 70.Na4 Kxe5 71.Nxc5 d6
72.Na6 f4 73.Nb4 Ba8 74.Nd3+ Ke4 75.c5 dxc5 76.Nxc5+ Kf5 77.b4 f3 78.Kg1 h3
79.Nd3 e5  0-1

[Event "URS-chI"]
[Site "Minsk"]
[Date "1985.??.??"]
[Round "15"]
[White "Ivanov, Alexander"]
[Black "Rashkovsky, Nukhim N"]
[Result "0-1"]
[WhiteElo "2400"]
[BlackElo "2410"]

1.e4 c5 2.Nc3 a6 3.Nge2 d6 4.g3 h5 5.h3 e5 6.f4 Nc6 7.f5 Nf6 8.Bg2 d5 9.Nxd5 Nxd5
10.exd5 Ne7 11.Nc3 Nxf5 12.Ne4 Nd6 13.Nxc5 Qb6 14.d4 Nf5 15.Ne4 Qxd4 16.Qe2 Bd7
17.c3 Qb6 18.a4 Rc8 19.Rf1 Be7 20.Qf2 Qg6 21.Be3 Nxe3 22.Qxe3 O-O 23.d6 Bd8
24.h4 Rc4 25.b3 Rc8 26.O-O-O b5 27.axb5 axb5 28.b4 Rc4 29.Nd2 Rg4 30.Ne4 Bc6
31.Rfe1 Bxh4 32.gxh4 Rxg2 33.Nd2 Qxd6 34.Nf3 Qg6 35.Rd2 Bxf3 36.Qxf3 Rg3
37.Qe4 Rxc3+ 38.Kb2 Qg3 39.Rg2 Rb3+ 40.Kc1 Rc8+ 41.Kd1 Rb1+ 42.Qxb1 Qxg2
43.Qf5 Rd8+ 44.Kc1 Qd2+  0-1

[Event "Pavlodar"]
[Site "Pavlodar"]
[Date "1987.??.??"]
[Round "?"]
[White "Makarichev, Sergey"]
[Black "Ivanov, Alexander"]
[Result "1/2-1/2"]
[WhiteElo "2515"]
[BlackElo "2415"]

1.e4 e5 2.Nf3 Nc6 3.Bc4 Bc5 4.c3 Nf6 5.d3 a6 6.O-O d6 7.Nbd2 O-O 8.Bb3 Be6
9.Re1 Qd7 10.Nf1 d5 11.Be3 Bxe3 12.Nxe3 dxe4 13.Bxe6 Qxe6 14.Ng5 Qe7 15.Nxe4 Rfd8
16.Qf3 Nxe4 17.dxe4 Qc5 18.Rad1 Ne7 19.Qg4 Qc6 20.h4 h6 21.h5 a5 22.a3 Qb5
23.Rxd8+ Rxd8 24.Rd1 Rd6 25.b4 axb4 26.axb4 Qc6 27.Nd5 Nxd5 28.Qc8+ Kh7 29.Qf5+ Kg8  1/2-1/2

[Event "Pavlodar"]
[Site "Pavlodar"]
[Date "1987.??.??"]
[Round "?"]
[White "Ivanov, Alexander"]
[Black "Mikhalchishin, Adrian"]
[Result "1/2-1/2"]
[WhiteElo "2415"]
[BlackElo "2500"]

1.e4 e5 2.Nf3 Nc6 3.Bb5 a6 4.Ba4 Nf6 5.O-O Be7 6.Re1 b5 7.Bb3 d6 8.c3 O-O
9.h3 h6 10.d4 Re8 11.Nbd2 Bf8 12.Bc2 Bb7 13.d5 Nb8 14.b3 c6 15.c4 Qc7 16.Nf1 bxc4
17.bxc4 a5 18.Be3 Na6 19.Rc1 Nd7 20.Ng3 Nb6 21.Bb1 Bc8 22.Nh2 Kh7 23.f4 Nc5
24.Nf3 Nbd7 25.Rf1 g6 26.h4 exf4 27.Bxf4 Ne5 28.Nxe5 dxe5 29.Be3 Nb7 30.c5 Nd8
31.d6 Qd7 32.a3 Qb7 33.Ba2 Be6 34.Bxe6 Nxe6 35.Rb1 Qd7 36.Rb2 Bg7 37.Rbf2 Rf8
38.h5 Rab8 39.Qa4 Rb5 40.Qc4 a4 41.Ne2 gxh5 42.Nc3 Rb3 43.Rf3 Rxa3 44.Nxa4 Qa7
45.Nb6 h4 46.d7 Nd8 47.Qc1 Ra2 48.Qe1 Rg8 49.Kh1 Qa6 50.Rg1 Re2 51.Qxh4 Qa2
52.Rh3 Qe6 53.Qh5 Rc2 54.Rf3 Bf8 55.Rf2 Rxc5 56.Rgf1 Rc3 57.Rf6 Rxe3 58.Rxe6 fxe6
59.Qxe5 Re2 60.Qf6 Rgxg2  1/2-1/2

[Event "World op"]
[Site "Philadelphia"]
[Date "1988.??.??"]
[Round "?"]
[White "Van Riemsdijk, Herman C"]
[Black "Ivanov, Alexander"]
[Result "0-1"]
[WhiteElo "2335"]
[BlackElo "2420"]

1.e4 c5 2.Nf3 d6 3.d4 cxd4 4.Nxd4 Nf6 5.Nc3 Nc6 6.Bc4 Qb6 7.Nb3 e6 8.O-O Be7
9.Be3 Qc7 10.f4 O-O 11.Nb5 Qb8 12.Qf3 Nb4 13.Bd3 Bd7 14.N5d4 g6 15.Bd2 Nxd3
16.cxd3 Qd8 17.Ba5 b6 18.Bc3 a5 19.a4 Qe8 20.Nd2 Bxa4 21.Nc4 Rb8 22.Kh1 Bd7
23.e5 dxe5 24.fxe5 Nd5 25.Bd2 Kg7 26.Ne3 Nxe3 27.Qxe3 Qd8 28.Rf3 f5 29.exf6+ Bxf6
30.Nxe6+ Bxe6 31.Qxe6 Bxb2 32.Raf1 Rxf3 33.Rxf3 Rb7 34.Qb3 Be5 35.Bc3 Qc7
36.d4 Bf6 37.h3 b5 38.Bxa5 Qxa5 39.Rxf6 Qa1+ 40.Kh2 Qxd4 41.Rf1 Qe5+ 42.Kh1 b4
43.Qf3 Qe7 44.Qf2 h5 45.Re1 Qf6 46.Qe2 b3 47.Rf1 Qe7 48.Qb2+ Kh7 49.Rf3 Qg7
50.Qb1 b2 51.Rf1 Ra7 52.Qc2 Ra1 53.Rb1 Qe5 54.Qd1 Qc3 55.Kh2 h4 56.Qd7+ Kh6
57.Rd1 b1=Q 58.Rxb1 Qg3+  0-1

[Event "American op"]
[Site "?"]
[Date "1989.??.??"]
[Round "1"]
[White "Busquets, Luis"]
[Black "Ivanov, Alexander"]
[Result "0-1"]
[WhiteElo "2320"]
[BlackElo "2470"]

1.e4 c5 2.Nf3 d6 3.d4 cxd4 4.Nxd4 Nf6 5.Nc3 Nc6 6.Bc4 Qb6 7.Nb3 e6 8.O-O Be7
9.Be3 Qc7 10.f4 O-O 11.Bd3 b6 12.Qf3 Bb7 13.Qh3 Nb4 14.Rac1 Nxd3 15.cxd3 Qd7
16.Bd4 Ne8 17.Ne2 f5 18.exf5 exf5 19.Ng3 Rc8 20.Bc3 g6 21.Ne4 Qa4 22.Ng5 Bxg5
23.fxg5 Qxa2 24.Nd4 Qd5 25.Rce1 Ng7 26.Re7 Rf7 27.Rfe1 Rc7 28.R7e2 Bc8 29.Qh6 Bd7
30.h4 Rc8 31.Nf3 Nh5 32.Re7 Rcf8 33.Bf6 Rxe7 34.Rxe7 Rf7 35.Rxf7 Qxf7 36.Bc3 Bc6
37.Nd4 Qd5 38.Kf2 Qxg2+ 39.Ke1 Bf3  0-1

[Event "American op"]
[Site "?"]
[Date "1989.??.??"]
[Round "2"]
[White "Ivanov, Alexander"]
[Black "Weinberger, Tibor"]
[Result "1-0"]
[WhiteElo "2470"]
[BlackElo "2260"]

1.e4 e5 2.Nf3 Nc6 3.Bb5 Nf6 4.Qe2 Bc5 5.c3 Qe7 6.d3 d6 7.Bg5 h6 8.Bh4 Bd7
9.Nbd2 a6 10.Ba4 g5 11.Bg3 O-O-O 12.b4 Ba7 13.Bb3 Rde8 14.a4 Nd8 15.b5 a5
16.Nc4 Nh5 17.Nfd2 Nxg3 18.hxg3 f5 19.Nxa5 f4 20.Nac4 h5 21.Rxh5 f3 22.gxf3 Rxh5
23.O-O-O Rh2 24.b6 Bxb6 25.Nxb6+ cxb6 26.Nc4 Be6 27.Nxb6+ Kb8 28.Bxe6 Nxe6
29.Qb2 Qc7 30.Kb1 Ka7 31.Nd5 Qa5 32.d4 Rc8 33.Qa2 exd4 34.cxd4 Nxd4 35.Qb2 Nc2  1-0

[Event "American op"]
[Site "?"]
[Date "1989.??.??"]
[Round "7"]
[White "Donaldson, John W"]
[Black "Ivanov, Alexander"]
[Result "1/2-1/2"]
[WhiteElo "2395"]
[BlackElo "2470"]

1.c4 g6 2.Nc3 Bg7 3.g3 e5 4.Bg2 d6 5.d3 f5 6.e4 c6 7.Nge2 Nf6 8.O-O O-O 9.exf5 Bxf5
10.h3 Na6 11.d4 Qc8 12.g4 Be6 13.d5 cxd5 14.cxd5 Bd7 15.Be3 h5 16.g5 Ne8
17.Kh2 Bf5 18.Ne4 Qc4 19.b3 Qb5 20.N2c3 Qd7 21.a3 Nac7 22.Qe2 b5 23.Rfd1 a6
24.Rac1 Rf7 25.Na2 h4 26.Qd2 a5 27.Rc6 a4 28.b4 Rb8 29.Rdc1 Qd8 30.Nac3 Na8
31.Qe2 Rfb7 32.Nb1 Bf8 33.Nbd2 Be7 34.f4 exf4 35.Bxf4 Nac7 36.Qd3  1/2-1/2

[Event "Biel op"]
[Site "Biel"]
[Date "1989.??.??"]
[Round "1"]
[White "Beilfuss, Wilfried"]
[Black "Ivanov, Alexander"]
[Result "0-1"]
[WhiteElo "2240"]
[BlackElo "2460"]

1.d4 g6 2.e4 Bg7 3.c4 c5 4.Nf3 d6 5.Nc3 Qa5 6.Be2 Nc6 7.Be3 Bg4 8.d5 Bxf3
9.Bxf3 Ne5 10.Qb3 Nf6 11.O-O Nxf3+ 12.gxf3 Qc7 13.Qc2 O-O 14.Qe2 Nh5 15.Qd2 Qd7
16.Ne2 f5 17.Kh1 fxe4 18.fxe4 Qg4 19.Qc2 Qf3+ 20.Kg1 Be5 21.Rae1 Qh3 22.Ng3 Nxg3
23.fxg3 Bxg3  0-1

[Event "Biel op"]
[Site "Biel"]
[Date "1989.??.??"]
[Round "3"]
[White "Balashov, Yuri S"]
[Black "Ivanov, Alexander"]
[Result "1/2-1/2"]
[WhiteElo "2535"]
[BlackElo "2460"]

1.e4 e5 2.Nf3 Nc6 3.Bb5 a6 4.Ba4 Nf6 5.O-O Be7 6.Re1 b5 7.Bb3 d6 8.c3 O-O
9.a4 b4 10.d3 Be6 11.Nbd2 Bxb3 12.Nxb3 bxc3 13.bxc3 Rb8 14.Qc2  1/2-1/2

[Event "Biel op"]
[Site "Biel"]
[Date "1989.??.??"]
[Round "5"]
[White "Gufeld, Eduard"]
[Black "Ivanov, Alexander"]
[Result "1/2-1/2"]
[WhiteElo "2470"]
[BlackElo "2460"]

1.e4 e5 2.Nf3 Nc6 3.Bb5 a6 4.Bxc6 dxc6 5.d4 exd4 6.Qxd4 Qxd4 7.Nxd4 Bd7 8.O-O O-O-O
9.Bf4 Bd6 10.Bxd6 cxd6 11.Nc3 Nf6 12.Rad1 Rhe8 13.f4 h5  1/2-1/2

[Event "Biel op"]
[Site "Biel"]
[Date "1989.??.??"]
[Round "6"]
[White "Ivanov, Alexander"]
[Black "Pigusov, Evgeny"]
[Result "1/2-1/2"]
[WhiteElo "2460"]
[BlackElo "2560"]

1.e4 c5 2.Nf3 Nc6 3.d4 cxd4 4.Nxd4 g6 5.c4 Nf6 6.Nc3 d6 7.Be2 Nxd4 8.Qxd4 Bg7
9.Bg5 O-O 10.Qd2 Be6 11.Rc1 a6 12.f3 Rc8 13.Nd5 b5 14.O-O Nxd5 15.exd5 Bd7
16.b3 Re8 17.Be3 bxc4 18.Bxc4 Bb5 19.Bxb5 axb5 20.Rc6 Ra8 21.Rf2 Qa5 22.b4 Qa3
23.Bd4 Bxd4 24.Qxd4 Qa7 25.Qc3 Qa3 26.Qd4 Qa7 27.Qc3  1/2-1/2

[Event "Biel op"]
[Site "Biel"]
[Date "1989.??.??"]
[Round "9"]
[White "Wahls, Matthias"]
[Black "Ivanov, Alexander"]
[Result "1/2-1/2"]
[WhiteElo "2535"]
[BlackElo "2460"]

1.e4 e5 2.Nf3 Nc6 3.Bb5 a6 4.Bxc6 dxc6 5.O-O Qd6 6.d3 f6 7.Be3 c5 8.Nbd2 Be6
9.a3 b6 10.Qe2 Ne7 11.b4 Nc6 12.bxc5 bxc5 13.Rfb1 Nd4 14.Qd1 Be7 15.Nc4 Qc6
16.Nfd2 O-O 17.c3 Qd7 18.Rb7 Rad8 19.cxd4 cxd4 20.Bg5 fxg5 21.Nxe5 Qd6 22.Ndc4 Qc5
23.Qa4 Bd6 24.Qb4 Qxb4 25.axb4 Rb8 26.Rxb8 Rxb8 27.Nxd6 cxd6 28.Nc6 Rb6 29.Nxd4 Bd7
30.Rb1 Bb5 31.Rb3 Ba4 32.Rb2 Bb5 33.Rb3 Ba4 34.Rb2 Bb5 35.Nxb5 Rxb5 36.Kf1 a5
37.Ke2 axb4 38.d4 d5 39.exd5 g4 40.f3 gxf3+ 41.Kxf3 Kf7 42.Ke4 Ke7 43.Kd3 Rb7
44.Kc4  1/2-1/2

[Event "Midwest Masters op"]
[Site "Chicago"]
[Date "1989.??.??"]
[Round "6"]
[White "Dlugy, Maxim"]
[Black "Ivanov, Alexander"]
[Result "0-1"]
[WhiteElo "2570"]
[BlackElo "2470"]

1.d4 Nf6 2.c4 e6 3.Nf3 b6 4.g3 Ba6 5.Qa4 Be7 6.Bg2 O-O 7.Nc3 c6 8.Bf4 Bb7
9.O-O a6 10.Qb3 d5 11.Ne5 b5 12.Rad1 Nbd7 13.e4 dxc4 14.Nxc4 Ra7 15.Ne5 Nxe5
16.Bxe5 Ba8 17.a4 Qb6 18.axb5 axb5 19.Bf4 Rd7 20.h3 b4 21.Be3 Qa5 22.Ra1 Qc7
23.Na4 c5 24.dxc5 Bxe4 25.Qxb4 Bxg2 26.Kxg2 Nd5 27.Qe4 Rb8 28.Kg1 Rb4 29.Qf3 Nxe3
30.Qxe3 Qc6 31.b3 Bf6 32.Nb6 Rd8 33.Rfd1 Bd4 34.Rxd4 Rbxd4 35.Qc1 h5 36.Nc4 Rd1+
37.Qxd1 Rxd1+ 38.Rxd1 Qxc5 39.h4 Qb4 40.Rd3 f6 41.Re3 e5 42.Nxe5 fxe5 43.Rxe5 Qxb3
44.Re7 Qd1+ 45.Kg2 Qd5+ 46.Kg1 Kh7 47.Re8 Kg6 48.Rf8 Qe4 49.Rf4 Qe1+ 50.Kg2 Kh7
51.Rf7 Qe4+ 52.Kg1 Qe6 53.Rf4 g6 54.Kg2 Kg7 55.Kg1 Qe1+ 56.Kg2 Qe2 57.Kg1 Qd1+
58.Kg2 Qe1 59.Rc4 Qe5 60.Rf4 Qd5+ 61.Kg1 Qd1+ 62.Kg2 Qc1 63.Rb4 Kf6 64.Rd4 Qc2
65.Rf4+ Ke5 66.Rb4 Kd5 67.Rf4 Kc5 68.Kg1 Qc1+ 69.Kg2 Qd1 70.Rf6 Qd5+ 71.Kg1 g5
72.hxg5 Kd4 73.g6 Qg5 74.Rf3 Qxg6 75.Kh2 Qb1 76.Rf8 Qb5 77.Kg1 Kd3 78.Rf3+ Kd2
79.Re3 Qb1+ 80.Kg2 Qb7+ 81.Kg1 Qg7 82.Kh2 Qg4 83.Kh1 Qh3+ 84.Kg1 Qc8 85.Kg2 Qc4
86.Kg1 Qc1+ 87.Kg2 Qb1 88.Re8 Qb7+ 89.Kg1 Qg7 90.Re4 Qg6 91.Rb4 Ke2 92.Rb2+ Ke1
93.Rb4 Qc2 94.Rf4 h4 95.Rf3 h3 96.Kh2 Qc6  0-1

[Event "New York op"]
[Site "New York"]
[Date "1989.??.??"]
[Round "9"]
[White "Denker, Arnold S"]
[Black "Ivanov, Alexander"]
[Result "1/2-1/2"]
[WhiteElo "2295"]
[BlackElo "2470"]

1.d4 g6 2.c4 Bg7 3.Nc3 d6 4.Nf3 Bg4 5.e3 Nc6 6.Be2 e5 7.O-O Nf6 8.b4 O-O
9.b5 exd4 10.exd4 Ne7 11.h3 Bd7 12.Rb1 h6 13.Bd3 Re8 14.Re1 Nf5 15.Rxe8+ Nxe8
16.Be4 Rb8 17.Rb2 Nf6 18.Bd3 Nh7 19.Nd5 Nf8 20.Re2 c6 21.Nf4 Qb6 22.bxc6 bxc6
23.Rb2 Qd8 24.Rxb8 Qxb8 25.d5  1/2-1/2

[Event "San Mateo rapid"]
[Site "San Mateo"]
[Date "1989.??.??"]
[Round "?"]
[White "Denker, Arnold S"]
[Black "Ivanov, Alexander"]
[Result "0-1"]
[WhiteElo "2295"]
[BlackElo "2470"]

1.d4 g6 2.Nf3 Bg7 3.e3 d6 4.Bc4 Nf6 5.O-O O-O 6.Nc3 Nbd7 7.Qe2 e5 8.dxe5 dxe5
9.e4 c6 10.a4 Qe7 11.b3 Nc5 12.Ba3 a5 13.Qe3 b6 14.h3 Nh5 15.Rad1 Nf4 16.Ne2 Nfe6
17.Bxe6 Bxe6 18.Nc1 f5 19.Bxc5 bxc5 20.c4 Rad8 21.Rd3 Rxd3 22.Qxd3 Rd8 23.Qe2 Qd6
24.Re1 h6 25.Nh4 Bc8 26.Qc2 Qf6 27.Nf3 fxe4 28.Qxe4 Bf5 29.Qe3 e4 30.Nd2 Qc3
31.Nf1 h5 32.Ng3 Qxe3 33.fxe3 Rd2 34.Rf1 Bh6 35.Kh2  0-1

[Event "St Ingbert op"]
[Site "St Ingbert"]
[Date "1989.??.??"]
[Round "3"]
[White "Ivanov, Alexander"]
[Black "Bern, Ivar"]
[Result "1-0"]
[WhiteElo "2460"]
[BlackElo "2355"]

1.e4 c5 2.Nf3 Nc6 3.d4 cxd4 4.Nxd4 Qb6 5.Nb3 Nf6 6.Nc3 e6 7.Bd3 a6 8.Be3 Qc7
9.f4 d6 10.g4 b5 11.g5 Nd7 12.h4 Bb7 13.Qg4 Nb4 14.O-O Be7 15.Rac1 Nc5 16.f5 exf5
17.Qxf5 O-O 18.Be2 d5 19.e5 Nxb3 20.cxb3 Bc5 21.Nxd5 Bxe3+ 22.Nxe3 Qb6 23.Qf2 Nxa2
24.Rcd1 Qe6 25.Nf5 Nb4 26.Bg4 Qxe5 27.Rfe1 Qb8 28.Rd7 Nc6 29.Nd6 Nd8 30.Qd4 g6
31.h5 Bc8 32.h6 f6 33.Rg7+ Kh8 34.Ree7  1-0

[Event "St Ingbert op"]
[Site "St Ingbert"]
[Date "1989.??.??"]
[Round "4"]
[White "Danailov, Silvio"]
[Black "Ivanov, Alexander"]
[Result "0-1"]
[WhiteElo "2375"]
[BlackElo "2460"]

1.Nf3 g6 2.c4 Bg7 3.d4 c5 4.e4 d6 5.d5 e6 6.Nc3 exd5 7.cxd5 a6 8.a4 Bg4 9.Be2 Bxf3
10.Bxf3 Nd7 11.O-O Ne7 12.Bg5 h6 13.Bf4 Ne5 14.Be2 O-O 15.Qd2 Kh7 16.Be3 f5
17.f4 Nd7 18.Kh1 fxe4 19.Nxe4 Nf5 20.Bf2 Nf6 21.Nc3 Qd7 22.Rab1 Rae8 23.b4 Nd4
24.Bd3 Nh5 25.Bg1 Re7 26.bxc5 dxc5 27.Rb6 Rf6 28.Rfb1 Qg4 29.Rxf6 Nxf6 30.d6 Rd7
31.Ne4 Nxe4 32.Bxe4 b5 33.axb5 axb5 34.Bxd4 Rxd6 35.Bf3 Qe6 36.Rxb5 Rxd4
37.Qc1 c4 38.Rb7 Rxf4 39.Rc7 Qe5 40.Rc6 Rh4 41.Qg1 c3 42.g4 Rh3  0-1

[Event "Bermuda op"]
[Site "Bermuda"]
[Date "1990.??.??"]
[Round "?"]
[White "Ivanov, Alexander"]
[Black "Djuric, Stefan"]
[Result "1-0"]
[WhiteElo "2520"]
[BlackElo "2495"]

1.e4 e5 2.Nf3 Nc6 3.Bb5 a6 4.Ba4 Nf6 5.O-O Be7 6.Re1 b5 7.Bb3 O-O 8.c3 d6
9.h3 h6 10.d4 Re8 11.Nbd2 Bf8 12.Nf1 Bd7 13.Bc2 g6 14.Ng3 Bg7 15.Be3 Qc8
16.a4 exd4 17.cxd4 Nb4 18.Bb1 a5 19.axb5 Bxb5 20.Ra3 Qb7 21.Qd2 h5 22.Bh6 Bh8
23.Qf4 Qa6 24.Rd1 Be2 25.Nxe2 Qxe2 26.Rd2 Qb5 27.e5 dxe5 28.Nxe5 Qd5 29.Rg3 Ra6
30.Kh2 Nd7 31.Nxg6 fxg6 32.Bxg6 Rxg6 33.Rxg6+ Kh7 34.Rg5 Re4 35.Rxd5 Rxf4
36.Rxh5 Re4 37.f3 Re6 38.Bf4+ Kg6 39.Rg5+ Kf7 40.Rxa5 Nb6 41.Rf5+ Kg6 42.Rg5+ Kf7
43.Rc5 N6d5 44.Bxc7 Re1 45.Bg3 Rb1 46.Bf2 Bf6 47.g4 Be7 48.Rb5 Bd6+ 49.Kg2 Ke6
50.Rb7 Bc7 51.h4 Ra1 52.Re2+ Kd7 53.Be1 Nd3 54.Bd2 Nb6 55.Re3 Nxb2 56.Rc3 N2c4
57.Bf4  1-0

[Event "Biel op"]
[Site "Biel"]
[Date "1990.??.??"]
[Round "3"]
[White "Ivanov, Alexander"]
[Black "Ostenstad, Berge"]
[Result "0-1"]
[WhiteElo "2515"]
[BlackElo "2425"]

1.e4 c6 2.d4 d5 3.e5 Bf5 4.h4 h5 5.c4 dxc4 6.Bxc4 e6 7.Nc3 Nd7 8.Bg5 Ne7
9.Nge2 Nb6 10.Bb3 Qd7 11.Ng3 Bg6 12.Nce4 Nf5 13.Nxf5 Bxf5 14.Ng3 Bb4+ 15.Kf1 Bg6
16.Ne2 Nd5 17.Bxd5 Qxd5 18.Nf4 Qd7 19.Rh3 Bf5 20.Rg3 Bg4 21.Qb3 Ba5 22.f3 Bf5
23.Rd1 Qc7 24.Qa3 Bb6 25.Kg1 c5 26.d5 Qxe5 27.Qa4+ Kf8 28.dxe6 Bxe6 29.Nxe6+ Qxe6
30.Qd7 Re8 31.Qxe6 Rxe6 32.Rd7 Kg8 33.Rxb7 Kh7 34.Rxf7 c4+ 35.Kh2 Bf2 36.Rh3 Re1
37.Bd2 Re6 38.Bc3 Rg6 39.g3 Re8 40.Kg2 Re2 41.Kf1 Rc2 42.Rf5 Rd6 43.Rxh5+ Kg8
44.f4 Rd1+ 45.Kg2 Rd3 46.Kf1 Bd4 47.Ke1 Bxc3+ 48.bxc3 Rxa2 49.Re5 Rxc3 50.Re2 Raa3
51.h5 Rxg3 52.Rxg3 Rxg3 53.Re4 c3 54.Kd1 Kh7 55.Re6 Rf3 56.h6 g6 57.Re4 Kxh6
58.Kc2 Kg7 59.Ra4 Kf6 60.Rxa7 Rxf4 61.Kxc3 g5 62.Kd3 g4 63.Ra5 Rf2 64.Rh5 Kg6
65.Re5 Kh6 66.Kd4 g3 67.Re3 Rf4+  0-1

[Event "Biel op"]
[Site "Biel"]
[Date "1990.??.??"]
[Round "7"]
[White "Ivanov, Alexander"]
[Black "Rasidovic, Sead"]
[Result "1-0"]
[WhiteElo "2515"]
[BlackElo "2335"]

1.e4 e6 2.d4 d5 3.Nd2 Nf6 4.e5 Nfd7 5.f4 c5 6.c3 Qb6 7.Ndf3 cxd4 8.cxd4 Bb4+
9.Bd2 Nc6 10.a3 Bxd2+ 11.Qxd2 Na5 12.Rd1 Nc4 13.Bxc4 dxc4 14.Ne2 Qa6 15.O-O Nb6
16.f5 h6 17.f6 g6 18.Ng3 Bd7 19.Ne4 Bc6 20.Nd6+ Kf8 21.Rc1 Rd8 22.Qb4 Kg8
23.Nd2 Nd5 24.Qxc4 Qb6 25.Qd3 Qxb2 26.Rc2 Qb6 27.Rb1 Nf4 28.Rxb6 Nxd3 29.Nxb7 axb6
30.Nxd8 Bd5 31.Rc7 Nf4 32.Kf2 Nxg2 33.Re7 Nh4 34.Nxf7 Rh7 35.Nd6 Rh8 36.Re8+  1-0

[Event "Biel op"]
[Site "Biel"]
[Date "1990.??.??"]
[Round "11"]
[White "Ivanov, Alexander"]
[Black "Gavrikov, Viktor"]
[Result "0-1"]
[WhiteElo "2515"]
[BlackElo "2580"]

1.e4 c5 2.Nf3 d6 3.d4 Nf6 4.Nc3 cxd4 5.Nxd4 e6 6.g4 h6 7.Bg2 Nc6 8.h3 Qc7
9.Be3 a6 10.f4 Be7 11.Qd2 Na5 12.b3 Bd7 13.O-O Nc6 14.Nde2 b5 15.a4 b4 16.Nd1 Rd8
17.a5 Nxa5 18.Qxb4 Nc6 19.Qc3 Qb7 20.Bf2 Nb4 21.e5 Ne4 22.Bxe4 Qxe4 23.Ng3 Qb7
24.Ne3 dxe5 25.fxe5 Bb5 26.Nc4 O-O 27.Rfe1 Qc6 28.Ne4 Nd5 29.Qd4 f5 30.exf6 Nxf6
31.Qe3 Bxc4 32.bxc4 Qxc4 33.Ng3 Nxg4 34.hxg4 Rxf2 35.Qxf2 Bc5 36.Re3 Rf8
37.Qe1 Rf3 38.Ra3 Qf4 39.Kg2 Rxe3 40.Rxe3 Qxe3 41.Qa5 Bd6 42.Qd8+ Bf8 43.Qa5 Qf4
44.Qxa6 Qxg4 45.Qc6 Kf7 46.c4 Be7 47.Qf3+ Qxf3+ 48.Kxf3 g6 49.Ne4 e5 50.Nf2 Ke6
51.Ke4 h5 52.Nd3 Bd6 53.c5 Be7 54.Nb4 g5 55.Nd5 Bd8 56.Ne3 g4 57.Nc4 Bc7
58.Ne3 g3 59.Kf3 h4 60.Kg4 Bd8 61.Kf3 Bg5 62.Nc4 Kd5 63.Nd6 Be7 64.Nf5 e4+
65.Kg4 Bd8 66.Kf4 Kxc5  0-1

[Event "New York Manhattan"]
[Site "New York"]
[Date "1990.??.??"]
[Round "1"]
[White "Ivanov, Alexander"]
[Black "Abramovic, Bosko"]
[Result "1/2-1/2"]
[WhiteElo "2520"]
[BlackElo "2495"]

1.e4 c5 2.Nf3 Nc6 3.d4 cxd4 4.Nxd4 g6 5.c4 Bg7 6.Be3 Nf6 7.Nc3 O-O 8.Be2 d6
9.O-O Bd7 10.Qd2 Nxd4 11.Bxd4 Bc6 12.f3 a5 13.Rab1 Nd7 14.Be3 Nc5 15.b3 Qb6
16.Nb5 Rfc8 17.Nd4 Qd8 18.a3 Bd7 19.Rfd1 b6 20.Bf1 Ne6 21.Nxe6 Bxe6 22.Qf2 Rab8
23.f4 Qc7 24.Bd4 Bxd4 25.Rxd4 f6 26.Re1 Qc5 27.Qb2 Ra8 28.Re3 Rd8 29.b4 axb4
30.axb4 Qc7 31.e5 dxe5 32.fxe5 f5 33.Re1 Rxd4 34.Qxd4 Rd8 35.Qc3 Kf7 36.Rc1 Qc6
37.Qh3 h5 38.Qe3 Qc7 39.h4 Kg7 40.g3 Rd7 41.Be2 Qd8 42.Ra1 Rd2 43.Ra7 Kf7
44.Kf1 Qd4 45.Qg5 Rd1+ 46.Bxd1 Qxd1+ 47.Kf2  1/2-1/2

[Event "New York Manhattan"]
[Site "New York"]
[Date "1990.??.??"]
[Round "3"]
[White "Ivanov, Alexander"]
[Black "Ginsburg, Mark"]
[Result "1-0"]
[WhiteElo "2520"]
[BlackElo "2400"]

1.e4 c5 2.Nf3 e6 3.Nc3 a6 4.g3 b5 5.Bg2 Bb7 6.d4 Nf6 7.e5 cxd4 8.Qxd4 Nc6
9.Qe3 Nb4 10.Qe2 Nfd5 11.Ne4 Qc7 12.c3 Nc6 13.Bf4 Nxf4 14.gxf4 f5 15.exf6 Qxf4
16.fxg7 Bxg7 17.Rd1 Bf8 18.a4 Rg8 19.Ng3 bxa4 20.Nd4 Nxd4 21.Rxd4 Qc1+ 22.Rd1 Qxd1+
23.Qxd1 Bxg2 24.Rg1 Bc6 25.Qh5+ Rg6 26.Ne2 Rb8 27.Rxg6 hxg6 28.Qxg6+ Kd8
29.Qc2 a3 30.bxa3 Bxa3 31.Nd4 Bd5 32.h4 Kc7 33.h5 e5 34.Qa4 Rb1+ 35.Ke2 Rb2+
36.Kd3 e4+ 37.Ke3 Bc5 38.Qa5+ Kd6 39.Qxa6+ Ke5 40.Qg6 Rc2 41.f4+  1-0

[Event "New York op"]
[Site "New York"]
[Date "1990.??.??"]
[Round "4"]
[White "Ivanov, Alexander"]
[Black "Denker, Arnold S"]
[Result "1-0"]
[WhiteElo "2520"]
[BlackElo "2320"]

1.e4 d5 2.exd5 Nf6 3.Bb5+ Bd7 4.Be2 Nxd5 5.d4 e6 6.c4 Nf6 7.Nf3 Bb4+ 8.Nc3 c5
9.a3 Bxc3+ 10.bxc3 Ne4 11.Qc2 Qa5 12.O-O Nxc3 13.Bd3 cxd4 14.Nxd4 Na4 15.Nb5 Nc5
16.Bb2 Bc6 17.Bxh7 Kf8 18.Be5 Bxb5 19.Bd6+ Ke8 20.cxb5 Nbd7 21.Bd3 Qb6 22.Bg3 Nxd3
23.Qxd3 Rd8 24.Qc3 Nf6 25.Bc7 Rc8 26.Bxb6 Rxc3 27.Bxa7 Rb3 28.Rfb1 Rxb1+
29.Rxb1 Rh4 30.Rb3 Nd5 31.g3 Rc4 32.Bb8 Rc3 33.Rxc3 Nxc3 34.Be5 Nxb5 35.a4 Na3
36.Bxg7 Nc4 37.h4 f5 38.Bc3 Kf7 39.Kf1 Kg6 40.f3 Kh5 41.Kg2 e5 42.Kh3 Kg6
43.g4 f4 44.h5+ Kg5 45.Bb4 Kf6 46.Kh4 b6 47.Bc3 Nd6 48.g5+ Kf5 49.g6 Kf6
50.Bxe5+ Kxe5 51.Kg5 Ne4+ 52.fxe4 f3 53.g7 f2 54.g8=Q f1=Q 55.Qd5+  1-0